000 00629cam0a220019300 4500
005 20190814095904.0
008 040430
020 _a0881676551
035 _a(Sirsi) a146850
050 0 _aQP187
_bHOR 1991
245 1 0 _aHorizons in endocrinology /
_ceditors: M. Maggi, V.Geenen ;
_nVol. II.
260 _aNew York:
_bRaven Press,
_c1991.
350 _a100
440 0 _aSerono Symposia Publications from Raven Press
_6S20669.1
504 _aIncludes bibliographical references and index
650 0 _aEndocrinology
_6S10525.1
700 0 0 _aMaggi, M.
_6A117493.1
700 0 0 _aGeenen, V.
_6A117494.1
999 _c31939
_d31939